[Event "Dyfed op 47th"]
[Site "Fishguard"]
[Date "2018.02.17"]
[Round "2"]
[White "Bourne, Johnathan"]
[Black "James, David J"]
[Result "1/2-1/2"]
[WhiteElo "1957"]
[BlackElo "2119"]
[PlyCount "28"]
[EventDate "2018.02.16"]
[EventType "swiss"]
[EventRounds "5"]
[EventCountry "WLS"]
[SourceTitle "EXT 2020"]
[Source "ChessBase"]
[SourceDate "2019.10.17"]
[SourceVersion "1"]
[SourceVersionDate "2019.10.17"]
[SourceQuality "1"]

1. e4 c5 2. Nc3 a6 3. g3 b5 4. Bg2 Bb7 5. Nge2 e6 6. 0-0 d5 7. exd5 exd5 8. d4 b4 9. Na4 c4 10. Re1 Be7 11. b3 cxb3 12. axb3 Nf6 13. c4 bxc3 14. Nexc3 0-0 1/2-1/2

[Event "Dyfed op 47th"]
[Site "Fishguard"]
[Date "2018.02.17"]
[Round "3"]
[White "James, David J"]
[Black "May, Adam John"]
[Result "1/2-1/2"]
[WhiteElo "2119"]
[BlackElo "1951"]
[PlyCount "37"]
[EventDate "2018.02.16"]
[EventType "swiss"]
[EventRounds "5"]
[EventCountry "WLS"]
[SourceTitle "EXT 2020"]
[Source "ChessBase"]
[SourceDate "2019.10.17"]
[SourceVersion "1"]
[SourceVersionDate "2019.10.17"]
[SourceQuality "1"]

1. d4 d5 2. Nf3 Nf6 3. c4 e6 4. Nc3 Be7 5. Bg5 Nbd7 6. e3 h6 7. Bh4 0-0 8. Bd3 c5 9. cxd5 Nxd5 10. Bxe7 Nxe7 11. 0-0 cxd4 12. Nxd4 Nf6 13. Rc1 a6 14. Ne4 Nfd5 15. Bb1 e5 16. Nf3 Bg4 17. h3 Bxf3 18. Qxf3 Qb6 19. Qe2 1/2-1/2

[Event "BCF-chT1a 1617 (4NCL)"]
[Site "England"]
[Date "2017.02.12"]
[Round "6.35"]
[White "James, David J"]
[Black "Ashton, Adam"]
[Result "1/2-1/2"]
[WhiteElo "2134"]
[BlackElo "2378"]
[PlyCount "53"]
[EventDate "2016.11.19"]
[EventType "team-tourn"]
[EventRounds "7"]
[EventCountry "ENG"]
[SourceTitle "EXT 2018"]
[Source "ChessBase"]
[SourceDate "2017.10.13"]
[SourceVersion "1"]
[SourceVersionDate "2017.10.13"]
[SourceQuality "1"]
[WhiteTeam "South Wales Dragons"]
[BlackTeam "3CS Oldham"]
[WhiteTeamCountry "ENG"]
[BlackTeamCountry "ENG"]

1. d4 d5 2. Nf3 e6 3. c4 c6 4. Bg5 Be7 5. Bxe7 Nxe7 6. e3 Nd7 7. Nc3 0-0 8. Bd3 dxc4 9. Bxc4 c5 10. 0-0 cxd4 11. Qxd4 Nb6 12. Bb3 Qxd4 13. Nxd4 Bd7 14. Rfd1 Rfd8 15. a4 Be8 16. Ndb5 a6 17. Nc7 Rac8 18. Nxe8 Rxe8 19. a5 Nbd5 20. Nxd5 Nxd5 21. Bxd5 exd5 22. Rxd5 Rc2 23. Rb1 Rec8 24. g3 g6 25. Rd7 R8c5 26. Rxb7 Rxa5 27. g4 1/2-1/2

[Event "EU-chT Seniors 50"]
[Site "Chalkidiki"]
[Date "2016.04.27"]
[Round "7.2"]
[White "James, David J"]
[Black "Greenfeld, Alon"]
[Result "1/2-1/2"]
[WhiteElo "2159"]
[BlackElo "2541"]
[PlyCount "70"]
[EventDate "2016.04.19"]
[EventType "team-tourn"]
[EventRounds "7"]
[EventCountry "GRE"]
[SourceTitle "CBM 172 Extra"]
[Source "ChessBase"]
[SourceDate "2016.06.21"]
[SourceVersion "1"]
[SourceVersionDate "2016.06.21"]
[SourceQuality "1"]
[WhiteTeam "Wales"]
[BlackTeam "Israel"]
[WhiteTeamCountry "WLS"]
[BlackTeamCountry "ISR"]

1. d4 e6 2. Nf3 c5 3. c4 cxd4 4. Nxd4 Nf6 5. Nc3 Nc6 6. Nc2 d5 7. e3 Bd6 8. cxd5 exd5 9. Be2 Bc7 10. Bf3 Be6 11. Nd4 0-0 12. Nxc6 bxc6 13. 0-0 Re8 14. b3 h5 15. Bb2 Ng4 16. g3 Qg5 17. Ne2 h4 18. Nf4 hxg3 19. hxg3 Bd7 20. Rc1 Rxe3 21. Nxd5 Bxg3 22. fxg3 cxd5 23. Qxd5 Qxd5 24. Bxd5 Rxg3+ 25. Kh1 Rh3+ 26. Kg1 Rg3+ 27. Kh1 Rf8 28. Rf3 Rxf3 29. Bxf3 Rc8 30. Rxc8+ Bxc8 31. Bd4 a6 32. b4 f6 33. a4 Ne5 34. Bxe5 fxe5 35. b5 axb5 1/2-1/2

[Event "EU-chT Seniors"]
[Site "Vienna"]
[Date "2015.07.13"]
[Round "2.18"]
[White "James, David J"]
[Black "Kauko, Pekka"]
[Result "1-0"]
[WhiteElo "2154"]
[BlackElo "2039"]
[PlyCount "133"]
[EventDate "2015.07.12"]
[EventType "team-swiss"]
[EventRounds "9"]
[EventCountry "AUT"]
[SourceTitle "EXT 2018"]
[Source "ChessBase"]
[SourceDate "2017.10.13"]
[SourceVersion "1"]
[SourceVersionDate "2017.10.13"]
[SourceQuality "1"]
[WhiteTeam "Gwent Wales"]
[BlackTeam "Turku"]
[WhiteTeamCountry "WLS"]
[BlackTeamCountry "FIN"]

1. d4 d5 2. Nf3 Nf6 3. c4 e6 4. Bg5 Be7 5. e3 0-0 6. Nc3 Nbd7 7. Bd3 c6 8. 0-0 h6 9. Bh4 Re8 10. Rc1 a6 11. Qe2 dxc4 12. Bxc4 Nd5 13. Bg3 Bf6 14. Rfd1 Qe7 15. Ne4 N7b6 16. Bd3 e5 17. Nxf6+ Nxf6 18. Nxe5 Be6 19. b3 Nbd7 20. Nc4 Bxc4 21. bxc4 Rac8 22. a4 b6 23. Re1 Ne4 24. Bf4 g5 25. Bxe4 Qxe4 26. Bg3 Qg6 27. f3 h5 28. h4 gxh4 29. Bxh4 c5 30. d5 Ne5 31. e4 f6 32. Rb1 Rb8 33. Rb3 Rb7 34. f4 Ng4 35. Rg3 Kh7 36. d6 Qh6 37. Rf3 Rd7 38. Qd3 Qg6 39. Qd5 Qf7 40. Qf5+ Kh8 41. e5 Rxd6 42. Rb1 Rde6 43. Rfb3 Qh7 44. Qxh7+ Kxh7 45. exf6 Nxf6 46. Rxb6 Kg6 47. f5+ Kxf5 48. Rf1+ Kg4 49. Rxe6 Rxe6 50. Bxf6 Re4 51. Rc1 Kf5 52. Bb2 Ke6 53. Kf2 Kd6 54. Kf3 Rg4 55. a5 Kc6 56. Rc2 Rh4 57. Be5 Rg4 58. Bf4 Rh4 59. Rb2 Rh1 60. Rb6+ Kd7 61. Rxa6 Rf1+ 62. Ke3 Rd1 63. Rd6+ Rxd6 64. Bxd6 Kxd6 65. Kf4 Kc6 66. Kg5 Kb7 67. Kxh5 1-0

[Event "BCF-chT1a 1415 (4NCL)"]
[Site "England"]
[Date "2014.11.16"]
[Round "2.146"]
[White "James, David J"]
[Black "Duncan, Christopher R"]
[Result "1/2-1/2"]
[WhiteElo "2152"]
[BlackElo "2337"]
[PlyCount "50"]
[EventDate "2014.11.15"]
[EventType "team-swiss"]
[EventRounds "11"]
[EventCountry "ENG"]
[SourceTitle "EXT 2015"]
[Source "ChessBase"]
[SourceDate "2014.11.20"]
[SourceVersion "1"]
[SourceVersionDate "2014.11.20"]
[SourceQuality "1"]
[WhiteTeam "South Wales Dragons"]
[BlackTeam "Blackthorne Russia"]
[WhiteTeamCountry "ENG"]
[BlackTeamCountry "ENG"]

1. d4 d5 2. Nf3 Nf6 3. c4 c6 4. e3 Bf5 5. cxd5 cxd5 6. Qb3 Qc7 7. Bb5+ Nc6 8. Bd2 e6 9. 0-0 Bd6 10. Bb4 0-0 11. Bxc6 bxc6 12. Nbd2 Rab8 13. Bxd6 Qxd6 14. Qc3 Rb6 15. Rfc1 Rfb8 16. b3 Nd7 17. a3 f6 18. b4 Bg4 19. Ne1 e5 20. Nd3 Bf5 21. Nc5 Rc8 22. Ndb3 Nf8 23. Na5 Rbb8 24. Na6 Rb6 25. Nc5 Rbb8 1/2-1/2

[Event "BCF-chT2c 1314 (4NCL)"]
[Site "England"]
[Date "2014.05.03"]
[Round "9.16"]
[White "Stepanyan, Henrik"]
[Black "James, David J"]
[Result "1/2-1/2"]
[WhiteElo "2022"]
[BlackElo "2169"]
[PlyCount "50"]
[EventDate "2013.11.16"]
[EventType "team-tourn"]
[EventRounds "11"]
[EventCountry "ENG"]
[SourceTitle "EXT 2015"]
[Source "ChessBase"]
[SourceDate "2014.11.20"]
[SourceVersion "1"]
[SourceVersionDate "2014.11.20"]
[SourceQuality "1"]
[WhiteTeam "Warwicks Select"]
[BlackTeam "South Wales Dragons"]
[WhiteTeamCountry "ENG"]
[BlackTeamCountry "ENG"]

1. c4 e5 2. Nc3 Nf6 3. Nf3 Nc6 4. e3 d6 5. Be2 e4 6. Nd4 Ne5 7. d3 Nxd3+ 8. Bxd3 exd3 9. Qxd3 g6 10. Nd5 a6 11. Nxf6+ Qxf6 12. Bd2 Bg7 13. Bc3 0-0 14. 0-0 Qe7 15. e4 Bd7 16. Rae1 b5 17. b3 b4 18. Ba1 Rfe8 19. Nc2 Bxa1 20. Rxa1 a5 21. Ne3 Bc6 22. Nd5 Bxd5 23. exd5 Qe2 24. Qxe2 Rxe2 25. Rfe1 Rxe1+ 1/2-1/2

[Event "WLS-ch 60th"]
[Site "Cardiff"]
[Date "2014.04.21"]
[Round "7"]
[White "James, David J"]
[Black "Heap, Gerry"]
[Result "1-0"]
[WhiteElo "2169"]
[BlackElo "2021"]
[PlyCount "61"]
[EventDate "2014.04.18"]
[EventType "swiss"]
[EventRounds "7"]
[EventCountry "WLS"]
[SourceTitle "CBM 160 Extra"]
[Source "ChessBase"]
[SourceDate "2014.07.01"]
[SourceVersion "1"]
[SourceVersionDate "2014.07.01"]
[SourceQuality "1"]

1. Nf3 c5 2. c4 Nc6 3. d4 cxd4 4. Nxd4 Nf6 5. Nc3 Qb6 6. Nb3 e6 7. e3 d6 8. Be2 Be7 9. 0-0 0-0 10. e4 a6 11. Be3 Qc7 12. Rc1 Na5 13. Nd4 Re8 14. b3 b6 15. f4 Bb7 16. Bf3 Bf8 17. Nde2 Nd7 18. Qe1 Rac8 19. Qg3 Qb8 20. Rfd1 Nc5 21. Qf2 Qa8 22. b4 Nxc4 23. bxc5 Nxe3 24. Qxe3 d5 25. Na4 Bxc5 26. Nxc5 bxc5 27. e5 d4 28. Bxb7 Qxb7 29. Qd3 Qb2 30. Rc2 Qb5 31. Rc4 1-0

[Event "WLS-ch 60th"]
[Site "Cardiff"]
[Date "2014.04.18"]
[Round "2"]
[White "Taylor, Robert Graham"]
[Black "James, David J"]
[Result "0-1"]
[WhiteElo "1945"]
[BlackElo "2169"]
[PlyCount "74"]
[EventDate "2014.04.18"]
[EventType "swiss"]
[EventRounds "7"]
[EventCountry "WLS"]
[SourceTitle "CBM 160 Extra"]
[Source "ChessBase"]
[SourceDate "2014.07.01"]
[SourceVersion "1"]
[SourceVersionDate "2014.07.01"]
[SourceQuality "1"]

1. d4 Nf6 2. Nf3 b6 3. g3 Bb7 4. Bg2 c5 5. 0-0 g6 6. c3 Bg7 7. dxc5 bxc5 8. Qb3 Qb6 9. Nbd2 d5 10. Ne5 0-0 11. c4 e6 12. Rd1 Nc6 13. Qxb6 axb6 14. Nxc6 Bxc6 15. cxd5 Bxd5 16. Bxd5 Nxd5 17. Nc4 b5 18. Nd6 Rfb8 19. a3 c4 20. e4 Nb4 21. f4 e5 22. Bd2 Nd3 23. Bc3 exf4 24. Bxg7 Kxg7 25. b3 fxg3 26. hxg3 Ra6 27. e5 Nxe5 28. bxc4 bxc4 29. Rd5 f6 30. Ne4 Rc6 31. Rc5 Rxc5 32. Nxc5 Kf7 33. a4 Rc8 34. Ne4 Ke6 35. a5 c3 36. a6 c2 37. Rc1 Nd3 0-1

[Event "BCF-chT1b 1213 (4NCL)"]
[Site "England"]
[Date "2013.02.23"]
[Round "5.177"]
[White "James, David J"]
[Black "Naylor, John"]
[Result "1-0"]
[WhiteElo "2147"]
[BlackElo "2153"]
[PlyCount "94"]
[EventDate "2012.11.03"]
[EventType "team-tourn"]
[EventRounds "7"]
[EventCountry "ENG"]
[SourceTitle "EXT 2014"]
[Source "ChessBase"]
[SourceDate "2013.11.20"]
[SourceVersion "1"]
[SourceVersionDate "2013.11.20"]
[SourceQuality "1"]
[WhiteTeam "South Wales Dragons"]
[BlackTeam "Jutes of Kent"]
[WhiteTeamCountry "ENG"]
[BlackTeamCountry "ENG"]

1. d4 d6 2. g3 g6 3. Nf3 Bg7 4. Bg2 Nf6 5. 0-0 0-0 6. Re1 c6 7. a4 Bg4 8. h3 Bxf3 9. Bxf3 e5 10. dxe5 dxe5 11. Qxd8 Rxd8 12. Nd2 Na6 13. Ne4 Nd5 14. c3 f5 15. Ng5 e4 16. Bg2 Nc5 17. h4 h6 18. Nh3 Nb3 19. Rb1 Nxc1 20. Rbxc1 Nb6 21. a5 Nc4 22. a6 bxa6 23. b3 Na5 24. b4 Nc4 25. f3 e3 26. Nf4 Be5 27. Nxg6 Bxg3 28. Red1 Kf7 29. Rxd8 Rxd8 30. h5 Rd2 31. f4 Rxe2 32. Bf1 Rd2 33. Bxc4+ Kf6 34. Ra1 e2 35. Bxe2 Rxe2 36. Rxa6 Rc2 37. Rxc6+ Kg7 38. c4 Rb2 39. b5 Rc2 40. Ne7 Bxf4 41. Nxf5+ Kh7 42. Kf1 Rh2 43. Ra6 Rxh5 44. Rxa7+ Kg6 45. Ne7+ Kg5 46. Nd5 Bd6 47. Rd7 Be5 1-0

[Event "BCF-chT2c 1112 (4NCL)"]
[Site "England"]
[Date "2012.05.07"]
[Round "9.14"]
[White "Ross, Chris Neil"]
[Black "James, David J"]
[Result "1-0"]
[WhiteElo "2237"]
[BlackElo "2133"]
[PlyCount "153"]
[EventDate "2011.11.12"]
[EventType "team-swiss"]
[EventRounds "11"]
[EventCountry "ENG"]
[SourceTitle "EXT 2013"]
[Source "ChessBase"]
[SourceDate "2012.11.22"]
[SourceVersion "1"]
[SourceVersionDate "2012.11.22"]
[SourceQuality "1"]
[WhiteTeam "Pandoras Box"]
[BlackTeam "South Wales Dragons"]
[WhiteTeamCountry "ENG"]
[BlackTeamCountry "ENG"]

1. e4 c5 2. Nf3 d6 3. Bb5+ Nd7 4. 0-0 Ngf6 5. Re1 a6 6. Bxd7+ Bxd7 7. d4 cxd4 8. Qxd4 e5 9. Qd3 h6 10. Nc3 Be7 11. Nd2 Be6 12. Nc4 Qc7 13. Ne3 Qc6 14. Ncd5 Bxd5 15. exd5 Qd7 16. a4 0-0 17. a5 Nh5 18. Qf5 Qxf5 19. Nxf5 Rfe8 20. c4 Bf8 21. b3 Kh7 22. Ba3 Rad8 23. Rad1 g6 24. Ng3 Nxg3 25. hxg3 f5 26. Kf1 g5 27. Ke2 e4 28. Rh1 Kg6 29. Bb2 Rd7 30. Rh3 Rc8 31. Bd4 Rf7 32. Rdh1 Rh7 33. Rh5 Re8 34. Ke3 Rc8 35. Kd2 Re8 36. R5h3 Rc8 37. Kc3 Rf7 38. Re1 Re8 39. Rhh1 f4 40. g4 Rh7 41. Rh3 Rc7 42. Re2 Rh7 43. Re1 Rc7 44. Kc2 Rh7 45. b4 h5 46. Reh1 h4 47. Re1 Rc7 48. Rb3 Rd7 49. Re2 Rdd8 50. Re1 Bg7 51. Bxg7 Kxg7 52. Rh3 Kf6 53. Kc3 Ke5 54. Rd3 Rf8 55. Rd4 e3 56. Kd3 Rd7 57. Re4+ Kf6 58. fxe3 Kg7 59. exf4 gxf4 60. Re7+ Rxe7 61. Rxe7+ Kg6 62. Ke2 Rb8 63. Kf3 b6 64. Kxf4 bxa5 65. bxa5 Rc8 66. Re6+ Kf7 67. Rxd6 Rxc4+ 68. Kg5 Rc5 69. Rxa6 Rxd5+ 70. Kxh4 Kg7 71. g3 Kh7 72. g5 Kg7 73. Kh5 Rd3 74. Ra7+ Kg8 75. g4 Rd5 76. a6 Rd6 77. g6 1-0

[Event "BCF-chT2c 1112 (4NCL)"]
[Site "England"]
[Date "2012.05.06"]
[Round "10.244"]
[White "James, David J"]
[Black "Thomas, Richard Huw"]
[Result "1-0"]
[WhiteElo "2133"]
[BlackElo "2197"]
[PlyCount "85"]
[EventDate "2011.11.12"]
[EventType "team-swiss"]
[EventRounds "11"]
[EventCountry "ENG"]
[SourceTitle "EXT 2013"]
[Source "ChessBase"]
[SourceDate "2012.11.22"]
[SourceVersion "1"]
[SourceVersionDate "2012.11.22"]
[SourceQuality "1"]
[WhiteTeam "South Wales Dragons"]
[BlackTeam "Kings Head"]
[WhiteTeamCountry "ENG"]
[BlackTeamCountry "ENG"]

1. d4 g6 2. c4 Bg7 3. e4 d6 4. Nc3 Nc6 5. d5 Nd4 6. Be3 c5 7. Nge2 Qb6 8. Na4 Qa5+ 9. Bd2 Qa6 10. Nxd4 Bxd4 11. Be2 Bd7 12. Nc3 Qb6 13. Rb1 h5 14. 0-0 Nf6 15. h3 a6 16. Bd3 Nh7 17. Ne2 Bg7 18. Bc3 Bxc3 19. Nxc3 0-0-0 20. a3 a5 21. b4 axb4 22. axb4 cxb4 23. Na2 Kc7 24. Rxb4 Qc5 25. Qb3 b6 26. Rb1 Rb8 27. Nc3 Nf6 28. Nb5+ Kd8 29. Qb2 Rf8 30. e5 Ne8 31. exd6 exd6 32. Nc3 f5 33. Ne2 g5 34. Nd4 h4 35. Rb5 Qc7 36. Ne6+ Bxe6 37. dxe6 Ng7 38. Re1 Ke8 39. Qc2 Rc8 40. Qb1 Rb8 41. Bxf5 Nxf5 42. Rxf5 Qe7 43. Rf7 1-0